| 000 | 00751nam a2200217Ii 4500 | ||
|---|---|---|---|
| 003 | JO-AjNU | ||
| 008 | 230605s9999||||xx |||||||||||||| ||und|| | ||
| 017 | _a1999/5/650 | ||
| 040 |
_aJO-AjNU _bara _erda _cJO-AjNU |
||
| 041 | _aara | ||
| 050 | 1 | 4 | _aPT1329.A7 M812 1999 |
| 100 | 3 |
_aهيسه، هيرمان، 1877-1962؛ ترجمة علي عودة, _eauthor _947586 |
|
| 245 | 0 | 0 | _aمختارات من القصة الألمانية المعاصرة |
| 250 | _aط1 | ||
| 264 | 3 | 1 | _aاربد - الاردن: دار الكندي للنشر والتوزيع، 1999 |
| 300 | _a261ص | ||
| 336 |
_atext _btxt _2rdacontent |
||
| 337 |
_aunmediated _bn _2rdamedia |
||
| 338 |
_avolume _bnc _2rdacarrier |
||
| 650 | 4 |
_aالقصص الالمانية _947587 |
|
| 999 |
_aA20783 _c24351 _d24351 |
||